000 00429nam a2200181Ia 4500
001 15940
005 20260306170232.0
008 260306t2008||||xx |||||||||||||| ||und||
041 _aESP
082 _a620.82
_bR22
100 _aRamírez Cavassa, César
_eAUT
245 0 _aErgonomía y productividad
260 _c2008
300 _a432 páginas :
_c23 cm.
650 _aGEN
654 _aCII
942 _cLIB
_dJUS
_fJUS
_2ddc
_n
999 _c15940
_d15940